| 000 | 00622cam a22002052a 4500 | ||
|---|---|---|---|
| 001 | 004280 | ||
| 003 | AR-FADEU | ||
| 008 | 311216n1976####xxu####################dd | ||
| 092 |
_a361.1 _bR298 |
||
| 100 | _aReckziegel, Notburga Rosa | ||
| 245 | _aFormacao para o servico social trabalho de conclusao de curso : una síntese integradora : un estudio exploratorio de pesquisa de opiniao | ||
| 260 | _aPorto Alegre | ||
| 260 | _bRedacta | ||
| 260 | _c1976 | ||
| 300 | _a272 p. : il | ||
| 500 | _aIncluye bibliografía. Trabajo final | ||
| 650 | _aSERVICIO SOCIAL-FORMACION | ||
| 546 | _aPortugés | ||
| 942 | _cBDGR | ||
| 999 |
_c10106 _d10106 |
||